ბათუმის შოთა რუსთაველის სახელმწიფო უნივერსიტეტის ბიბლიოთეკა

დედა ენა : (ბიბ.ჩანაწერი № 54759)

000 -ლიდერი
ფიქსირებული სიგრძის საკონტროლო ველი 01226nam a2200277Ia 4500
001 - საკონტროლო ნომერი
საკონტროლო ველი 21826
003 - საკონტროლო ნომრის იდენტიფიკატორი
საკონტროლო ველი GE_BSU
005 - ბოლო ოპერაციის თარიღი და დრო
საკონტროლო ველი 20220524152438.0
008 - ფიქსირებული სიგრძის მონაცემთა ელემენტები - ზოგადი ინფორმაცია
ფიქსირებული სიგრძის საკონტროლო ველი 181216s ||||ge |||||||||||||| ||geo||
020 ## - წიგნის საერთაშორისო სტანდარტული ნომერი
International Standard Book Number 99940-791-1-5
040 ## - კატალოგიზაციის წყარო
Transcribing agency GE_BSU
041 ## - ენის კოდი
Language code of text/sound track or separate title geo
080 ## - უნივერსალური ათობითი კლასიფიკაციის ინდექსი
Universal Decimal Classification number 811.353.1-8(075.3) დ-26
245 ## - ცნობა სათაურის შესახებ
Title დედა ენა :
Remainder of title მე-2 კლასი /
Statement of responsibility, etc შეადგინა ვალერიან რამიშვილმა ; მხატვ. : მ. მორჩილაძე, დ. ზარაფიშვილი, გ. ქლიბაძე [და სხვ.].
264 ## - წარმოების, გამოცემის, დისტრიბუციის და სხვა ცნობები
გამოცემის, წარმოების, დისტრიბუციის... ადგილი თბილისი :
გამოცემის, წარმოების, დისტრიბუციის... სახელწოდება აისი,
გამოცემის, წარმოების, დისტრიბუციის... თარიღი 2004.
300 ## - ფიზიკური აღწერა
Extent 131გვ. :
Other physical details ილ. ;
Dimensions 20 სმ.
653 ## - INDEX TERM--UNCONTROLLED
Uncontrolled term დედა ენა
653 ## - INDEX TERM--UNCONTROLLED
Uncontrolled term მე-2 კლასი
653 ## - INDEX TERM--UNCONTROLLED
Uncontrolled term ქართული ენა
700 ## - ADDED ENTRY--PERSONAL NAME
Personal name რამიშვილი, ვალერიან
Relator term შეადგინა
9 (RLIN) 1173
700 ## - ADDED ENTRY--PERSONAL NAME
Personal name მორჩილაძე, მ.
Relator term მხატვარი
9 (RLIN) 9967
700 ## - ADDED ENTRY--PERSONAL NAME
Personal name ზარაფიშვილი, დ.
Relator term მხატვარი
9 (RLIN) 13812
700 ## - ADDED ENTRY--PERSONAL NAME
Personal name ქლიბაძე, გ.
Relator term მხატვარი
9 (RLIN) 5856
942 ## - ADDED ENTRY ELEMENTS (KOHA)
Koha item type წიგნი
Source of classification or shelving scheme
ეგზემპლარები
ჩამოწერის სტატუსი დაკარგული ეგზემპლარის სტატუსი კლასიფიკაციის წყარო ან თაროზე გაწყობის სქემა დაზიანების სტატუსი არ გაიცემა მუდმივი მდებარეობა (დაცვის ადგილი) ამჟამინდელი ადგილსამყოფელი თაროზე განთავსების ადგილი შეძენის თარიღი ღირებულება, შესყიდვის ნორმალური ფასი სრული შენახვის შიფრი შტრიხკოდი ბოლო ოპერაციის თარიღი ეგზემპლარის მიმდევრობითი ნომერი (კეტერი?) ფასის ძალაში შესვლის თარიღი ეგზემპლარის სახეობა საჯარო შენიშვნა
          ბათუმის შოთა რუსთაველის სახელმწიფო უნივერსიტეტის მთავარი ბიბლიოთეკა ბათუმის შოთა რუსთაველის სახელმწიფო უნივერსიტეტის მთავარი ბიბლიოთეკა წიგნსაცავი 2018-12-17 12.00 811.353.1-8(075.3) დ-26 56297 2018-12-17 56297 2018-12-17 წიგნი 12.00 ₾.